Normal view
MARC view
Entry Personal Name
001 - CONTROL NUMBER
- control field: 18776
003 - CONTROL NUMBER IDENTIFIER
- control field: BD-DhEWU
005 - DATE AND TIME OF LATEST TRANSACTION
- control field: 20141111162954.0
008 - FIXED-LENGTH DATA ELEMENTS
- fixed length control field: 141111|| aca||aabn | a|a d
040 ## - CATALOGING SOURCE
- Original cataloging agency: BD-DhEWU
- Transcribing agency: BD-DhEWU
100 ## - HEADING--PERSONAL NAME
- Personal name: রফিক, আহমদ
- Miscellaneous information: Ahmed Rafiq
670 ## - SOURCE DATA FOUND
- Source citation: Work cat.: (BD-DhEWU): রফিক, আহমদ Ahmed Rafiq , রবীন্দ্রনাথঃ দেশপ্রেম /, 2011.